书目信息 |
| 题名: |
透光复合材料、碳纤维复合材料及其应用
|
|
| 作者: | 刘雄亚 编著 | |
| 分册: | ||
| 出版信息: | 北京 化学工业出版社 2006 |
|
| 页数: | 356页 | |
| 开本: | 24cm | |
| 丛书名: | 21世纪复合材料应用技术丛书 | |
| 单 册: | ||
| 中图分类: | TB33 | |
| 科图分类: | ||
| 主题词: | 复合材料 , 碳纤维增强复合材料 | |
| 电子资源: | ||
| ISBN: | 7-5025-8915-5 | |
| 000 | 01081oam2 2200301 450 | |
| 001 | 012004079625 | |
| 005 | 20070805111117.90 | |
| 009 | 012004079625 | |
| 010 | @a7-5025-8915-5@dCNY48.00 | |
| 035 | @a(110017)062002067653 | |
| 100 | @a20061016d2006 em y0chiy0110 ea | |
| 101 | 0 | @achi |
| 102 | @aCN@b110000 | |
| 105 | @aa z 000yy | |
| 106 | @ar | |
| 200 | 1 | @a透光复合材料、碳纤维复合材料及其应用@Atou guang fu ge cai liao、 tan qian wei fu ge cai liao ji qi ying yong@f刘雄亚[等]编著@Fliu xiong ya [ deng ] bian zhu |
| 210 | @a北京@c化学工业出版社@d2006 | |
| 215 | @a356页@c图@d24cm | |
| 225 | 2 | @a21世纪复合材料应用技术丛书@A21 shi ji fu he cai liao ying yong ji shu cong shu |
| 304 | @a编著者还有:欧阳国恩、张华新、刘宁 | |
| 330 | @a本书详细论述了透光复合材料和碳纤维复合材料的复合原理、材料性能、产品设计、生产工艺及工程应用等。 | |
| 461 | 0 | @12001 @a21世纪复合材料应用技术丛书 |
| 606 | 0 | @a复合材料 |
| 606 | 0 | @a碳纤维增强复合材料 |
| 690 | @aTB33@v4 | |
| 701 | 0 | @a刘雄亚@Aliu xiong ya@4编著 |
| 801 | 0 | @aCN@b110017@c20070805 |
| 905 | @dTB33@e174@f5 | |
| 透光复合材料、碳纤维复合材料及其应用/刘雄亚[等]编著.-北京:化学工业出版社,2006 |
| 356页:图;24cm.-(21世纪复合材料应用技术丛书) |
| ISBN 7-5025-8915-5:CNY48.00 |
| 本书详细论述了透光复合材料和碳纤维复合材料的复合原理、材料性能、产品设计、生产工艺及工程应用等。 |
| ● |
| 相关链接 |
|
|
|
|
正题名:透光复合材料、碳纤维复合材料及其应用
索取号:TB33/174
 
预约/预借
| 序号 | 登录号 | 条形码 | 馆藏地/架位号 | 状态 | 备注 |
| 1 | 0851129 | 208511298 | 第二样本阅览室/ [索取号:TB33/174] | 在馆 | |
| 2 | 0851130 | 208511305 | 第三借阅区/ [索取号:TB33/174] | 在馆 | |
| 3 | 0851131 | 208511314 | 第三借阅区/ [索取号:TB33/174] | 在馆 | |
| 4 | 0851132 | 208511323 | 密集书库/ [索取号:TB33/174] | 在馆 | |
| 5 | 0851133 | 208511332 | 密集书库/ [索取号:TB33/174] | 在馆 |